[Event "ITA-ch U12"]
[Site "Tarvisio"]
[Date "2014.07.02"]
[Round "6"]
[White "Sangiorgi, Raphael"]
[Black "Di Benedetto, Edoardo"]
[Result "0-1"]
[WhiteElo "1797"]
[BlackElo "2024"]
[PlyCount "48"]
[EventDate "2014.06.29"]
[EventType "swiss"]
[EventRounds "9"]
[EventCountry "ITA"]
[SourceTitle "EXT 2024"]
[Source "ChessBase"]
[SourceDate "2023.10.10"]
[SourceVersion "1"]
[SourceVersionDate "2023.10.10"]
[SourceQuality "1"]

1. e4 e6 2. d4 d5 3. Nc3 Nf6 4. Bg5 Be7 5. e5 Nfd7 6. h4 a6 7. Qg4 Bxg5 8. hxg5 c5 9. g6 f5 10. Qf4 h6 11. Nf3 0-0 12. 0-0-0 Nc6 13. dxc5 Nxc5 14. g4 Ne4 15. Rh2 fxg4 16. Qxg4 Nxc3 17. bxc3 Qa5 18. Kb2 Qc7 19. Qh5 Rf5 20. Qh3 Nxe5 21. Nd4 Rf6 22. Be2 Nxg6 23. Qg2 Nf4 24. Qg3 e5 0-1

[Event "Cipressina op-B 2nd"]
[Site "Venice"]
[Date "2013.12.01"]
[Round "5"]
[White "Rizzo, Nicodemo"]
[Black "Sangiorgi, Raphael"]
[Result "1/2-1/2"]
[WhiteElo "1586"]
[BlackElo "1512"]
[PlyCount "107"]
[EventDate "2013.11.29"]
[EventType "swiss"]
[EventRounds "5"]
[EventCountry "ITA"]
[SourceTitle "EXT 2015"]
[Source "ChessBase"]
[SourceDate "2014.11.20"]
[SourceVersion "1"]
[SourceVersionDate "2014.11.20"]
[SourceQuality "1"]

1. d4 d5 2. c4 e6 3. e3 c6 4. Nf3 Nd7 5. Nc3 Ngf6 6. Be2 dxc4 7. Bxc4 b5 8. Bd3 Bb7 9. a3 a6 10. Bd2 Bd6 11. b4 0-0 12. 0-0 Qc7 13. h3 Rfe8 14. Ne4 Nxe4 15. Bxe4 Nf6 16. Bd3 e5 17. dxe5 Bxe5 18. Nxe5 Qxe5 19. Rc1 Rad8 20. Bb1 Ne4 21. Bxe4 Qxe4 22. Qc2 Qd3 23. Bc3 Qxc2 24. Rxc2 Rd3 25. Rfc1 f6 26. Rd2 Rxd2 27. Bxd2 Rd8 28. Bc3 Rd3 29. Kf1 Kf7 30. Ke2 Rd5 31. g3 c5 32. bxc5 Rxc5 33. Bb2 Rxc1 34. Bxc1 Ke6 35. Kd3 Kd6 36. Kd4 f5 37. h4 h5 38. f4 g6 39. Bd2 Bd5 40. Bb4+ Ke6 41. Kc5 Bb7 42. Kb6 Bc8 43. Kc7 Bd7 44. Kb7 a5 45. Bxa5 Be8 46. Kc7 Kd5 47. Kd8 Bc6 48. Ke7 Kc4 49. Kf7 Bf3 50. Kxg6 Bg4 51. Kf6 Kd3 52. Ke5 Kxe3 53. Kd5 Kf2 54. Bd8 1/2-1/2